000 00404 a2200169 4500
001 17156
020 _a9788526285408
040 _cAnchieta - Bela Vista
100 _aAnjos, Ricardo Maciel dos.
240 1 0 _aSaga de um mundo despedaçado
_lpor
245 1 0 _aSaga de um mundo despedaçado
300 _a218
362 0 _a2011
440 1 _aScipione
650 4 _aLiteratura brasileira
942 _cBK
999 _c17156
_d17156